| 000 | 00351cam a22001217a 4500 | ||
|---|---|---|---|
| 008 | 180718b1977 xxu||||| |||| 00| 0 eng d | ||
| 082 | _aBA27x5434 D74s | ||
| 100 | _aDoshi, J.K. | ||
| 245 |
_aSocial structure & cultural change in a Bhil village _cby J.K. Doshi |
||
| 260 |
_aDelhi _bNew Heights _c1977 |
||
| 300 | _a184p. | ||
| 650 | _aBhil (Indic people) | ||
| 999 |
_c343187 _d343187 |
||